00464nam a2200181 a 4500001001300000003000900013005001700022008004100039020001000080082001500090100002200105245002200127260004400149300000800193500003500201650002400236700002200260nice12345678IN_TiNIC20260116012351.0080910s1982 paka grp 000 0 urd  ac10000a226.8bPIN aPinto, Fr Everest aYesu Ki Tamseelen aPakistanbCatholic Idara Adabiyatc1982 a95p aincludes index and biblioraphy aBible N.T. Parables1 aPinto, Fr Everest